Psychology : (Record no. 10467)
[ view plain ]
| 000 -LEADER | |
|---|---|
| fixed length control field | 00719nam a22002172 4500 |
| 001 - CONTROL NUMBER | |
| control field | 0000000068 |
| 005 - DATE AND TIME OF LATEST TRANSACTION | |
| control field | 20151217154324.0 |
| 008 - FIXED-LENGTH DATA ELEMENTS--GENERAL INFORMATION | |
| fixed length control field | 070109s xx 000 0 eng d |
| 020 ## - INTERNATIONAL STANDARD BOOK NUMBER | |
| International Standard Book Number | 0072563303 : |
| Terms of availability | GBP 35.99 |
| 040 ## - CATALOGING SOURCE | |
| Original cataloging agency | KABU |
| Transcribing agency | KABU |
| 100 1# - MAIN ENTRY--PERSONAL NAME | |
| Personal name | Passer, Michael W. |
| -- | 0000148053 |
| 245 10 - TITLE STATEMENT | |
| Title | Psychology : |
| Remainder of title | the science of mind and behaviour / |
| Statement of responsibility, etc. | Michael W. Passer, Ronald E. Smith. |
| 250 ## - EDITION STATEMENT | |
| Edition statement | 2nd ed. |
| 260 ## - PUBLICATION, DISTRIBUTION, ETC. (IMPRINT) | |
| Place of publication, distribution, etc. | Boston : |
| Name of publisher, distributor, etc. | McGraw-Hill, |
| Date of publication, distribution, etc. | 2004. |
| 300 ## - PHYSICAL DESCRIPTION | |
| Extent | xxviii, 631 [48] p. + |
| Accompanying material | + 1 computer laser optical disc (43/4 in.) |
| 650 #0 - SUBJECT ADDED ENTRY--TOPICAL TERM | |
| Topical term or geographic name as entry element | Psychology. |
| -- | 0000024981 |
| 700 1# - ADDED ENTRY--PERSONAL NAME | |
| Personal name | Smith, Ronald E. |
| -- | 0000148054 |
| 908 ## - PUT COMMAND PARAMETER (RLIN) | |
| Put command parameter | 070109 |
| 950 ## - LOCAL HOLDINGS (RLIN) | |
| -- | 1 |
| Withdrawn status | Lost status | Source of classification or shelving scheme | Not for loan | Home library | Current library | Date acquired | Total Checkouts | Full call number | Barcode | Date last seen | Date last checked out | Price effective from | Koha item type |
|---|---|---|---|---|---|---|---|---|---|---|---|---|---|
| Library of Congress Classification | Kabarak, Main Campus | Kabarak, Main Campus | 17/12/2015 | 4 | BF121 .P37 2004 | 000467 | 02/08/2024 | 09/04/2018 | 17/12/2015 | General Collection |